Personnages d'anime (manga) en images - U - Statistiques

Statistiques générales
  • Ce quiz a été pris 158 fois
  • Le résultat moyen est 4 sur 20
Statistiques - réponses
Par images Réponse % Correct
Ulti
70%
Uvogin
59%
Uub
55%
Ultear/Ultia Milkovich
50%
Ulquiorra Shifar/Schiffer
48%
Utahime
29%
Ukyo Saionji
12%
Umaru Doma
11%
Urup
8%
Undine
7%
Urara Shiraishi
7%
Urumi Kanzaki
7%
Uni
6%
Uno
5%
Ushio Kofune
5%
Unabara
2%
Unsui Kongo
2%
Urushi
2%
Usagi
2%
Utsuro
2%
Aucun quiz correspondant
Distribution des résultats
% des personnes avec chaque résultat
Percentile par nombre de réponses
Votre historique - résultats
Vous n’avez pas pris ce quiz